Field management and crop rotation ; planning and organizing farms; crop rotation systems; soil amendment with fertilizers; relation of animal husbandry to soil productivity; and other important features of farm management /

Bibliographic Details
Main Author: Parker, Edward Cary, 1881-
Format: Book
Language:English
Published: St. Paul, Minn. : Webb Publishing Co., 1915.
Subjects:

MARC

Tag First Indicator Second Indicator Subfields
LEADER 00000cam a2200000 4500
001 in00000021110
005 20151007060955.0
008 800627s1915 mnua 00010 eng
010 |a  15007387  
035 |a (OCoLC)06465941 
035 |9 AAD0719AM 
037 |c $1.50 
040 |a DLC  |c TXA  |d UtOrBLW 
049 |a TXAM  |c 1 [4583]  |c 2 [30002] 
050 0 |a S603  |b .P2 
092 |a 631.582  |b  P238 
100 1 |a Parker, Edward Cary,  |d 1881- 
245 1 0 |a Field management and crop rotation ;  |b planning and organizing farms; crop rotation systems; soil amendment with fertilizers; relation of animal husbandry to soil productivity; and other important features of farm management /  |c by Edward C. Parker. 
264 1 |a St. Paul, Minn. :  |b Webb Publishing Co.,  |c 1915. 
300 |a 507 pages including frontispiece, illustrations ;  |c 20 cm. 
336 |a text  |b txt  |2 rdacontent 
337 |a unmediated  |b n  |2 rdamedia 
338 |a volume  |b nc  |2 rdacarrier 
650 0 |a Crop rotation. 
650 0 |a Agriculture. 
999 |a MARS 
999 f f |s cc09ee27-41b5-373f-99e1-81c80d130799  |i c59514c6-d235-36cf-8371-48696bb19066  |t 0 
952 f f |p ric  |a Texas A&M University  |b Rellis Campus  |c Joint Library Facility  |d Remote Storage  |t 0  |e S603 .P2  |h Library of Congress classification  |i unmediated -- volume  |m A14801067701 
998 f f |a S603 .P2  |t 0  |l Remote Storage